00291nam a2200121Ia 4500008004100000041000900041082001500050100002200065245001800087260004800105300000800153650000800161230718s9999 xx 000 0 und d aEng. a340bLAT-P aLate M. Malik Mir 0aP. L.D (2009) aPakistanbAll Pakistan legal decisionc2009 a686 aLaw